LEADER 01265nam a2200289 i 4500 001 000000198928 003 CaOOAMICUS 005 20140508000000.0 008 140508s1964 it u000 u ita u 013 $a177618 040 $aSeMil$bita 100 1 $aTamborini, Alessandro,$c.$0(OLS)http://semarc/name/30528 245 13$aIl servo della carità :$bBeato Luigi Guanella /$cAlessandro Tamborini, Giuseppe Preatoni ; presentazione di Luigi Traglia. 260 $aMilano [etc.] :$bÀncora,$c1964. 300 $a607 p., [19] c. di tav. :$bill. ;$c23 cm. 490 0 $aTestimoni 500 $aFondo card. Giovanni Colombo. 600 14$aGuanella, Luigi .$0(OLS)http://semarc/subject/9717 700 1 $aTraglia, Luigi .$0(OLS)http://semarc/name/30530 700 1 $aPreatoni, Giuseppe.$0(OLS)http://semarc/name/30529 830 0$aTestimoni.$0(OLS)http://semarc/title/10583 850 $aSeMil 852 $aSeMil$W1$xVenegono$y1$m3GC IV 15$j149481$B149481$CSeMilBibl$Z2$F160876 $8B 941 1 $a3 961 $aLascito: Colombo Card. Giovanni 996 $6245$aIl servo della carità :$bBeato Luigi Guanella$9(OLS)http://semarc/title/287583 996 $6260$aMilano [etc.] :$bÀncora$9(OLS)http://semarc/publisher/32331 LEADER 00910nam a2200217 i 4500 001 000000201298 003 CaOOAMICUS 005 20110426000000.0 008 110426s2010 it u000 u ita u 013 $a179999 040 $aSeMil$bita 245 10$aDirettorio per il ministero e la vita dei diaconi nella chiesa di Como. 260 $a[S.l. :$bs.n.],$c2010. 300 $a79 p. ;$c21 cm. 650 4$aDiaconato permanente - Italia.$0(OLS)http://semarc/subject/36806 650 4$aDiaconato permanente - Como (Diocesi) - Direttorio.$0(OLS)http://semarc/subject/37805 850 $aSeMil 852 $aSeMil$W1$xVenegono$y1$m3G II 430$j151824$B151824$CSeMilBibl$Z2$F166699 $81 961 $aOmaggio: Delpini mons. Mario 996 $6245$aDirettorio per il ministero e la vita dei diaconi nella chiesa di Como$9(OLS)http://semarc/title/291274 996 $6260$a[S.l. :$bs.n.]$9(OLS)http://semarc/publisher/29751